| 000 | 00374nam a22001577a 4500 | ||
|---|---|---|---|
| 003 | SGT | ||
| 020 | _a978-93-50-25-363-2 | ||
| 082 |
_a616.075 _bC11H |
||
| 100 | _aHIRA,HARMANJIT SINGH | ||
| 245 | _aCLINICAL EXAMINATION | ||
| 260 |
_aNEW DELHI _bJAYPEE PUB _c2011 |
||
| 300 | _a515 | ||
| 650 | _aAYURVEDA | ||
| 653 | _aMEDICINE,CLINICAL, EXAMINATION | ||
| 942 |
_2ddc _cBK _013 |
||
| 999 |
_c16928 _d16928 |
||